| 000 | 00438nam a2200145Ia 4500 | ||
|---|---|---|---|
| 041 | _aArabic | ||
| 082 | _a320.01 cut-958 د | ||
| 100 | _a20260118u\\\\\\\\\\\y0engy0103\\\\ba | ||
| 100 | _aديندار شفيق الدوسكي | ||
| 245 | 0 | _aالتعددية الحزبية في الفكر الاسلامي الحديث | |
| 250 | _aط1 | ||
| 260 |
_bدار الزمان _aدمشق - سوريا _c2009 |
||
| 300 | _a200 | ||
| 942 | _cBk | ||
| 999 |
_c190123 _d190123 |
||